Gagnants de Koh-Lanta (Saison 1-23 + Editions spéciales) - Statistiques

Statistiques générales
  • Ce quiz a été pris 653 fois
    402 depuis la dernière actualisation
  • Le résultat moyen est 16 sur 27
Statistiques - réponses
Hint Réponse % Correct
Saison 5 Clémence
87%
La nouvelle édition Laurent
81%
Saison 12 Ugo
71%
L'ïle des Héros Naoil
69%
Saison 16 Benoît
65%
Saison 14 Marc
65%
Saison 4 Philippe
64%
Saison 10 Philippe
64%
Saison 15 Wendy
64%
Saison 17 Frédéric
63%
Le choc des Héros Grégoire
63%
Saison 21 Alexandra
61%
Saison 20 Maud
61%
Saison 18 André
58%
La revanche des Héros Bertrand
58%
Saison 22 Maxine
58%
Saison 2 Amel
55%
Saison 9 Christina
55%
Saison 11 Gérard
55%
Saison 1 Gilles
55%
Saison 8 Christelle
51%
Saison 6 François-David
49%
La légende Personne
47%
Le retour des Héros Romuald
47%
Saison 7 Jade & Kévin
40%
Saison 3 Isabelle & Delphine
27%
Saison 23 Bastien & François
26%
Aucun quiz correspondant
Distribution des résultats
% des personnes avec chaque résultat
Percentile par nombre de réponses
Votre historique - résultats
Vous n’avez pas pris ce quiz depuis la dernière actualisation